Aprender con ordenadores en la escuela

Salvato in:
Dettagli Bibliografici
Autore principale: Marti Sala, Eduardo (autor)
Natura: Libro
Lingua:spagnolo
Pubblicazione: Barcelona I.C.E. Universitat Barcelona 1997
Edizione:2a. ed
Serie:Cuadernos de Educación, 10
Soggetti:
Tags: Aggiungi Tag
Nessun Tag, puoi essere il primo ad aggiungerne!!

MARC

LEADER 00000nam a2200000 a 4500
001 UCO9829
003 CL-VaPUC
008 010309e19971100SP |||||||||||||||||spa|d
082 0 4 |a 371.334  |b MAR  |2 21 
100 |a Marti Sala, Eduardo  |e autor  |9 326490 
245 1 0 |a Aprender con ordenadores en la escuela 
250 |a 2a. ed 
300 |a 281 p 
942 |c BK 
945 |d 20010309 00:00:00  |a cmena 
260 |a Barcelona  |b I.C.E. Universitat Barcelona  |c 1997 
650 0 |a Métodos de enseñanza  |9 270413 
650 0 |a Computadores  |9 258188 
650 0 |a Psicología cognitiva   |9 306250 
650 0 |a Psicología del aprendizaje  |9 306854 
650 0 |a Aplicaciones de computadores  |9 260401 
650 0 |a Educación especial  |9 307486 
650 0 |a Informática   |9 260044 
583 |a last modification  |c 20010309 00:00:00  |k Rodrigo Vera 
490 0 |a Cuadernos de Educación, 10 
999 |c 293852  |d 293850 
952 |0 0  |1 0  |4 0  |6 371_334000000000000_MAR_1997  |7 0  |8 A  |9 345614  |a FDOPOS  |b FDOPOS  |d 2019-11-20  |i 3695271  |o 371.334 MAR 1997  |p 3695271  |r 2025-01-22  |w 2019-11-20  |y BK  |k MLA